000 00913nam a22002774c 4500
001 991061459081506706
003 ES-BaIT
005 20250929080256.0
008 250724s2018 sp 000 0 spa c
017 _aDL M 3526-2018
_bOficina DL Madrid
020 _a9788494819230
040 _aES-BaIT
_bcat
_eerda
_cES-BaIT
080 _a654.197(09)
100 1 _aHerrero, Miguel,
_d1978-
_eautor
_9167231
245 1 0 _aTelemuñecos :
_bmarionetas y muñegotes de la historia de la televisión /
_cMiguel Herrero
250 _aPrimera edición
264 1 _aMadrid :
_bDiábolo Ediciones,
_c2018
300 _a262 pàgines :
_bIl·lustracions ;
_c25 cm
336 _atext
_btxt
_2rdacontent
337 _asense mediació
_bn
_2rdamedia
338 _avolum
_bnc
_2rdacarrier
650 0 _a Televisió
_xProgrames de teatre d'objectes
_xHistòria
_9167232
908 _aCDMAE
940 _aCVA2
942 _2udc
_c1
999 _c136578
_d136578